The self, relationships, and subjective well-being in Asia : (Record no. 5726)

MARC details
000 -LEADER
fixed length control field 00763nam a22002177a 4500
003 - CONTROL NUMBER IDENTIFIER
control field OSt
005 - DATE AND TIME OF LATEST TRANSACTION
control field 20251117144341.0
008 - FIXED-LENGTH DATA ELEMENTS--GENERAL INFORMATION
fixed length control field 251117b |||||||| |||| 00| 0 eng d
020 ## - INTERNATIONAL STANDARD BOOK NUMBER
International Standard Book Number 978-89-254-0073-0.
040 ## - CATALOGING SOURCE
Original cataloging agency DWCL-Main lib
Transcribing agency OC
082 ## - DEWEY DECIMAL CLASSIFICATION NUMBER
Classification number Circ. 302 S465 2007
100 ## - MAIN ENTRY--PERSONAL NAME
Personal name Bernardo, Allan B. I.
245 ## - TITLE STATEMENT
Title The self, relationships, and subjective well-being in Asia :
Remainder of title psychological, social, and cultural perspectives/
Statement of responsibility, etc. Bernardo, Allan B. I.
260 ## - PUBLICATION, DISTRIBUTION, ETC.
Place of publication, distribution, etc. Korea :
Name of publisher, distributor, etc. Kyoyook-Kwahak-Sa Pub., Co.,
Date of publication, distribution, etc. c2007.
300 ## - PHYSICAL DESCRIPTION
Extent 352 p. ;
Dimensions 23 cm.
504 ## - BIBLIOGRAPHY, ETC. NOTE
Bibliography, etc. note Includes bibliographical references.
650 ## - SUBJECT ADDED ENTRY--TOPICAL TERM
Topical term or geographic name entry element Social psychology-Asia.
700 ## - ADDED ENTRY--PERSONAL NAME
Personal name Gastardo-Conaco, MA. Cecilia
700 ## - ADDED ENTRY--PERSONAL NAME
Personal name Liwag, MA. Emma Concepcion D.
942 ## - ADDED ENTRY ELEMENTS (KOHA)
Source of classification or shelving scheme Dewey Decimal Classification
Koha item type Book Circulation
Call number prefix Circ
Suppress in OPAC No
952 ## - LOCATION AND ITEM INFORMATION (KOHA)
--
Holdings
Withdrawn status Lost status Source of classification or shelving scheme Damaged status Not for loan Home library Current library Shelving location Date acquired Source of acquisition Cost, normal purchase price Total Checkouts Full call number Barcode Date last seen Copy number Price effective from Koha item type Uniform Resource Identifier
    Dewey Decimal Classification     College Library College Library Circulation 08/19/2008 Donation 0.00   Circ. 302 S465 2007 CL46121 11/17/2025 c1 11/17/2025 BK-CIRC